Movies Quiz

Random Movies or Lyrics Quiz

“Show Me the Way…” vs. the Jaws Theme ♫ Quiz Stats

 Plays Quiz not verified by Sporcle

Challenge
Share
Tweet
Score 0/57 Timer 02:00
0 Plays Today
Lyrics % Correct
the
98%
the
97.7%
I
97.4%
I
97.3%
I
97.1%
me
96.4%
me
96.4%
♒♒♒♒♒♒♒
96.1%
to
96.1%
to
96.1%
me
96.1%
Show
96%
way
95.9%
to
95.9%
Show
95.6%
way
95.6%
to
95.6%
a
95.4%
go
93.7%
go
93.7%
an
93.6%
go
93.6%
and
93%
home…
92.9%
and
92.9%
home.
92.7%
tired
91.7%
I'm
90.7%
bed.
90.6%
Lyrics % Correct
drink
88.6%
hour
88.4%
had
88.2%
ago,
88%
about
87.6%
my
86.2%
head.
85.3%
little
83.5%
wanna
82.5%
gone (*went)
81.6%
right
79.6%
sea
67.8%
land
67.3%
or
67%
or
67%
it's
64.8%
roam,
64.2%
may
63.6%
Wherever
60.9%
By (*on)
59.9%
foam;
55.9%
You
55.8%
will (*can)
53.6%
always
50.9%
singing
50.1%
hear
49.5%
song:
48.8%
this
48.4%

You're not logged in!

Compare scores with friends on all Sporcle quizzes.
Join for Free
OR
Log In

You Might Also Like...

Show Comments

Extras

Top Quizzes Today


Score Distribution

Your Account Isn't Verified!

In order to create a playlist on Sporcle, you need to verify the email address you used during registration. Go to your Sporcle Settings to finish the process.

Report this User

Report this user for behavior that violates our Community Guidelines.

Details: